000 01079nas a2200337 4500
001 BR0201029
003 BR-BrBNA
005 20231205102800.0
007 ta
008 230509b bl.|||p| |||| 00| 00por d
040 _aBR-BrBNA
_bpor
_cBiblioteca Nacional de Agricultura
041 _a(Pt)
072 _aL53; L70
100 1 _aDias, F.E.F.
100 1 _aLopes Júnior, E.S.
100 1 _aVillaroel, A.B.S.
100 1 _aRondina, D.
100 1 _aLima-Verde, J.B.
100 1 _aPaula, N.R.O.
100 1 _aFreitas, V.J.F.
245 1 _aSincronização do estro, indução da ovulação e fertilidade de ovelhas deslanadas após tratamento hormonal com gonadotrofina coriônica eqüina
650 _aOVELHA
650 _aSINCRONIZAÇÃO DO CIO
650 _aINDUÇÃO
650 _aOVULAÇÃO
650 _aHORMÔNIO
650 _aFERTILIDADE
773 0 _tArquivo Brasileiro de Medicina Veterinária e Zootecnia (Brazil)
_xISSN 0102-0935
_g(Out 2001), v. 53(5) p. 618-623
_wBR0201029
909 _a202311
_bLúcia
_c55
_dLúcia Elande
942 _2AGRIS
_n0
_cANA
999 _c169299
_d169299